[Event "Obert Figueres Miquel Mas 2012"]
[Site "Figueres ESP"]
[Date "2012.08.09"]
[Round "1.1"]
[White "Rakhmanov, Aleksandr"]
[Black "Triadu Cassa, Jordi"]
[Result "1-0"]
[WhiteElo "2588"]
[BlackElo "2138"]
[PlyCount "85"]
[EventDate "2012.08.09"]
[EventType "swiss"]
[EventRounds "9"]
[EventCountry "ESP"]
[Source "lmi"]
[SourceDate "2012.08.09"]

1. e4 e5 2. Bc4 Nf6 3. d3 Be7 4. Nf3 Nc6 5. O-O O-O 6. c3 d6 7. Nbd2 Na5 8. Bb5
a6 9. Ba4 b5 10. Bc2 c5 11. Re1 Nc6 12. Nf1 Re8 13. h3 h6 14. Ng3 Be6 15. d4
cxd4 16. cxd4 exd4 17. Nxd4 Nxd4 18. Qxd4 Rc8 19. Bb3 d5 20. e5 Nd7 21. Bd2 Qb6
22. Qxb6 Nxb6 23. Bc3 Na4 24. Bd4 Bc5 25. Bxc5 Rxc5 26. Re2 d4 27. f4 Rec8 28.
Rd2 Rc1+ 29. Rxc1 Rxc1+ 30. Kh2 Bxb3 31. axb3 Nc5 32. b4 Na4 33. b3 Nc3 34.
Rxd4 Rb1 35. Rd8+ Kh7 36. Rf8 Rxb3 37. Rxf7 Kg8 38. e6 Rxb4 39. Nh5 Nd5 40.
Rxg7+ Kf8 41. Rf7+ Ke8 42. Ng7+ Kd8 43. Rd7+ 1-0

[Event "Obert Figueres Miquel Mas 2012"]
[Site "Figueres ESP"]
[Date "2012.08.09"]
[Round "1.2"]
[White "Dalo, Hermes"]
[Black "Aroshidze, Levan"]
[Result "0-1"]
[WhiteElo "2130"]
[BlackElo "2568"]
[PlyCount "78"]
[EventDate "2012.08.09"]
[EventType "swiss"]
[EventRounds "9"]
[EventCountry "ESP"]
[Source "lmi"]
[SourceDate "2012.08.09"]

1. d4 g6 2. c4 Bg7 3. Nc3 c5 4. d5 d6 5. e4 e6 6. f3 exd5 7. cxd5 a6 8. a4 Nd7
9. Nge2 Ne7 10. Bg5 h6 11. Be3 Ne5 12. Ng3 f5 13. Be2 O-O 14. Qd2 Kh7 15. O-O
Bd7 16. h3 fxe4 17. fxe4 Rxf1+ 18. Rxf1 Qa5 19. Bf4 Rf8 20. Rf2 Qd8 21. Nf1 g5
22. Be3 Rxf2 23. Bxf2 Qa5 24. Qc2 b5 25. axb5 axb5 26. Ne3 b4 27. Ncd1 Qa1 28.
Kh2 Kh8 29. Bg3 N7g6 30. Nf5 Bxf5 31. exf5 Ne7 32. Ne3 Nf7 33. Nc4 Bd4 34. Bd1
Nxf5 35. Qxf5 Qxd1 36. Bxd6 Qg1+ 37. Kg3 Qe1+ 38. Kg4 Qh4+ 39. Kf3 Qf2+ 0-1

[Event "Obert Figueres Miquel Mas 2012"]
[Site "Figueres ESP"]
[Date "2012.08.09"]
[Round "1.3"]
[White "Adhiban, B."]
[Black "Vinardell Cruanas, Sergi"]
[Result "1-0"]
[WhiteElo "2553"]
[BlackElo "2124"]
[PlyCount "81"]
[EventDate "2012.08.09"]
[EventType "swiss"]
[EventRounds "9"]
[EventCountry "ESP"]
[Source "lmi"]
[SourceDate "2012.08.09"]

1. e4 e5 2. Nf3 Nc6 3. Bb5 a6 4. Ba4 Nf6 5. O-O Be7 6. Re1 b5 7. Bb3 d6 8. c3
O-O 9. d4 Bg4 10. d5 Nb8 11. h3 Bc8 12. Nbd2 c6 13. dxc6 Nxc6 14. Nf1 Na5 15.
Bc2 h6 16. Ng3 Re8 17. Nh4 Bf8 18. Nhf5 Kh7 19. Ne3 g6 20. b4 Nc4 21. Nxc4 bxc4
22. f4 exf4 23. Bxf4 Qb6+ 24. Be3 Qc7 25. e5 Rxe5 26. Qf3 Nd5 27. Bd4 Be6 28.
Be4 Rd8 29. Rad1 Nb6 30. Qf2 Nd7 31. Bxe5 dxe5 32. Bd5 Bg7 33. Bxe6 fxe6 34.
Qf7 Qb6+ 35. Kh2 Nf6 36. Ne4 Nxe4 37. Rxd8 Qxd8 38. Rxe4 Qd3 39. Qf3 Qd2 40.
Rxc4 Qxa2 41. Rc7 1-0

[Event "Obert Figueres Miquel Mas 2012"]
[Site "Figueres ESP"]
[Date "2012.08.09"]
[Round "1.4"]
[White "Lillo Ferrer, Jose Maria"]
[Black "Mirzoev, Azer"]
[Result "0-1"]
[WhiteElo "2121"]
[BlackElo "2545"]
[PlyCount "126"]
[EventDate "2012.08.09"]
[EventType "swiss"]
[EventRounds "9"]
[EventCountry "ESP"]
[Source "lmi"]
[SourceDate "2012.08.09"]

1. g3 d5 2. Bg2 Nf6 3. d3 c6 4. Nd2 e5 5. e4 Bg4 6. Ngf3 Nbd7 7. h3 Bh5 8. O-O
Be7 9. Qe1 Qc7 10. b3 O-O 11. Bb2 Rfe8 12. Nh4 dxe4 13. dxe4 Rad8 14. Nc4 b5
15. Ne3 Bf8 16. Bc3 Qb8 17. a4 a6 18. axb5 axb5 19. Nef5 Nc5 20. Qe3 Nfd7 21.
Qg5 Bg6 22. Rfe1 Ne6 23. Qc1 Bc5 24. b4 Bf8 25. Nf3 f6 26. Bf1 Nb6 27. Bd2 Bf7
28. c3 Nc4 29. Be3 c5 30. Bxc4 bxc4 31. Rb1 cxb4 32. cxb4 Qb5 33. Qa3 Rd3 34.
Qa7 g6 35. N5h4 Rd7 36. Qa1 Qb7 37. b5 Qxe4 38. b6 Qb7 39. Qa4 Nc5 40. Qa5 Nd3
41. Nd2 Nxe1 42. Rxe1 Ra8 43. Qb5 Qd5 44. Qb2 Qc6 45. Nb1 Kg7 46. Nc3 h5 47.
Rb1 Rad8 48. Ng2 Be6 49. h4 Bf5 50. Ra1 Rb8 51. Qb5 Qxb5 52. Nxb5 Be4 53. Ne1
Bc6 54. Nc3 Ra8 55. Rc1 Bb7 56. Kf1 Ra5 57. Ke2 Kf7 58. f3 Ra3 59. Rc2 Rb3 60.
Na4 Bc6 61. Nc5 Bxc5 62. Bxc5 Ke6 63. Be3 c3 0-1

[Event "Obert Figueres Miquel Mas 2012"]
[Site "Figueres ESP"]
[Date "2012.08.09"]
[Round "1.5"]
[White "Das, Arghyadip"]
[Black "Llerins Bonet, Ricardo"]
[Result "1-0"]
[WhiteElo "2479"]
[BlackElo "2111"]
[PlyCount "127"]
[EventDate "2012.08.09"]
[EventType "swiss"]
[EventRounds "9"]
[EventCountry "ESP"]
[Source "lmi"]
[SourceDate "2012.08.09"]

1. e4 e6 2. d4 d5 3. Nd2 Nf6 4. e5 Nfd7 5. c3 c5 6. f4 Nc6 7. Ndf3 cxd4 8. cxd4
Bb4+ 9. Bd2 Qb6 10. Ne2 Bxd2+ 11. Qxd2 Qb4 12. Nc3 Nb6 13. b3 Bd7 14. Be2 O-O
15. O-O g6 16. a3 Qe7 17. Nd1 f5 18. exf6 Qxf6 19. g3 Nc8 20. Ne3 Nd6 21. Ng4
Qg7 22. Nge5 Ne4 23. Qe3 Rac8 24. Rfc1 Nd6 25. Bd3 Nf5 26. Bxf5 exf5 27. Rc5
Nxe5 28. dxe5 b6 29. Rcc1 Qe7 30. Nd4 Rc5 31. e6 Rfc8 32. Re1 Be8 33. Rad1 Rc3
34. Qe5 Qc7 35. Qxd5 Rd8 36. Qg2 Qc5 37. Qf2 Kh8 38. Qd2 Kg8 39. Re5 Qc7 40.
Qe1 Rc5 41. Rxc5 Qxc5 42. b4 Qc4 43. Qe3 Rd5 44. Kg2 Bc6 45. Kh3 Be8 46. g4
fxg4+ 47. Kxg4 Qa2 48. Kg3 Rh5 49. Nf3 g5 50. fxg5 Qc2 51. Qd3 Qc7+ 52. Qd6 Qc3
53. Rd3 Qg7 54. Qf4 h6 55. Rd8 Qg6 56. Rxe8+ Qxe8 57. Qf7+ Qxf7 58. exf7+ Kxf7
59. Kg4 Rxh2 60. Nxh2 hxg5 61. Kf5 Ke7 62. Ke5 Kd7 63. Kd5 a6 64. a4 1-0

[Event "Obert Figueres Miquel Mas 2012"]
[Site "Figueres ESP"]
[Date "2012.08.09"]
[Round "1.6"]
[White "Balague Camps, Marc"]
[Black "Simacek, Pavel"]
[Result "0-1"]
[WhiteElo "2072"]
[BlackElo "2478"]
[PlyCount "110"]
[EventDate "2012.08.09"]
[EventType "swiss"]
[EventRounds "9"]
[EventCountry "ESP"]
[Source "lmi"]
[SourceDate "2012.08.09"]

1. Nf3 Nc6 2. d4 d5 3. c4 Bg4 4. Nc3 e6 5. e3 dxc4 6. Bxc4 Bd6 7. d5 exd5 8.
Nxd5 Ne5 9. Be2 Nxf3+ 10. Bxf3 Bxf3 11. Qxf3 c6 12. Qe4+ Ne7 13. Nxe7 Qxe7 14.
Qxe7+ Kxe7 15. Bd2 Be5 16. Rc1 Rhd8 17. b3 a5 18. Rc4 Rd5 19. Ke2 Rad8 20. Rc2
Bd6 21. Rc4 Be5 22. Rc2 R8d7 23. f4 Bd6 24. e4 Rd4 25. Rc4 Bb4 26. Bxb4+ axb4
27. Rxd4 Rxd4 28. Ke3 c5 29. Rc1 b6 30. Rc2 Rd1 31. g3 h5 32. Ke2 Rh1 33. Kd3
Kd6 34. Rd2 Kc6 35. e5 b5 36. Ke4 Re1+ 37. Kf5 c4 38. bxc4 bxc4 39. Rc2 Kc5 40.
Rd2 c3 41. Rd8 Kc4 42. Rc8+ Kd3 43. Rd8+ Ke3 44. Rc8 Kd2 45. Rd8+ Kc1 46. Rd4
c2 47. Rxb4 Kd2 48. Rc4 c1=Q 49. Rxc1 Rxc1 50. Kg5 Rc6 51. Kxh5 Ke3 52. f5 Rh6+
53. Kg5 Ke4 54. e6 fxe6 55. fxe6 Rxe6 0-1

[Event "Obert Figueres Miquel Mas 2012"]
[Site "Figueres ESP"]
[Date "2012.08.09"]
[Round "1.7"]
[White "Martinez, Duany Lelys Stanley"]
[Black "Parals Marce, Luis"]
[Result "1-0"]
[WhiteElo "2476"]
[BlackElo "2069"]
[PlyCount "51"]
[EventDate "2012.08.09"]
[EventType "swiss"]
[EventRounds "9"]
[EventCountry "ESP"]
[Source "lmi"]
[SourceDate "2012.08.09"]

1. d4 d5 2. Nf3 e6 3. c4 Nf6 4. e3 Be7 5. Nc3 O-O 6. Qc2 Nbd7 7. a3 c6 8. Be2
a6 9. O-O dxc4 10. a4 b6 11. Bxc4 Bb7 12. Rd1 b5 13. Bd3 b4 14. Ne4 Nxe4 15.
Bxe4 Nf6 16. Bd3 Qa5 17. e4 h6 18. e5 Nd5 19. Qe2 Bc8 20. Bxh6 f5 21. exf6 Rxf6
22. Bg5 Rxf3 23. Qxf3 Bxg5 24. Re1 Bf6 25. Qh5 Qc7 26. Qe8# 1-0

[Event "Obert Figueres Miquel Mas 2012"]
[Site "Figueres ESP"]
[Date "2012.08.09"]
[Round "1.8"]
[White "Balague Canadell, Jordi"]
[Black "Garbisu De Goñi, Unai"]
[Result "1/2-1/2"]
[WhiteElo "2036"]
[BlackElo "2461"]
[PlyCount "142"]
[EventDate "2012.08.09"]
[EventType "swiss"]
[EventRounds "9"]
[EventCountry "ESP"]
[Source "lmi"]
[SourceDate "2012.08.09"]

1. Nf3 f5 2. c4 Nf6 3. g3 g6 4. b3 Bg7 5. Bb2 d6 6. Bg2 e5 7. O-O O-O 8. d3 c5
9. Nc3 Nc6 10. e3 h6 11. Ne1 Be6 12. Nd5 Qd7 13. f4 exf4 14. Nxf6+ Bxf6 15.
Bxf6 Rxf6 16. exf4 d5 17. Nf3 Rd8 18. Qe2 Qg7 19. Qe3 b6 20. Rad1 Bf7 21. Rfe1
Rfd6 22. Qc1 Nd4 23. Qa1 Nc2 24. Qxg7+ Kxg7 25. Re7 Kf6 26. Rxa7 dxc4 27. Ne5
Bg8 28. bxc4 Nb4 29. Bf1 g5 30. Rb1 gxf4 31. gxf4 Rd4 32. a3 Rxf4 33. Nd7+ Ke6
34. Nxc5+ bxc5 35. axb4 cxb4 36. Rxb4 Ke5 37. Ra5+ Kf6 38. Rb6+ Kg5 39. Raa6 h5
40. Ra2 Re8 41. Rg2+ Kh4 42. Be2 Ra8 43. Rb1 Bf7 44. Rg3 Ra2 45. Rf1 Rxf1+ 46.
Kxf1 f4 47. Rg7 Be6 48. Re7 Bh3+ 49. Ke1 Bg4 50. Re4 Ra1+ 51. Kf2 Ra2 52. Ke1
Ra1+ 53. Kf2 Ra2 54. Ke1 Kg5 55. h3 Bxh3 56. Re5+ Bf5 57. Bxh5 Kxh5 58. Rxf5+
Kg4 59. Rf8 Kf3 60. c5 Ke3 61. Kf1 Rf2+ 62. Ke1 Rc2 63. Re8+ Kxd3 64. c6 Kd4
65. Re6 Kd5 66. Re2 Rxc6 67. Kf2 Rc3 68. Re8 Kd4 69. Re7 Re3 70. Rxe3 fxe3+ 71.
Ke2 Ke4 1/2-1/2

[Event "Obert Figueres Miquel Mas 2012"]
[Site "Figueres ESP"]
[Date "2012.08.09"]
[Round "1.10"]
[White "Juan Bartroli, Pau"]
[Black "Govciyan, Pavel"]
[Result "1/2-1/2"]
[WhiteElo "2024"]
[BlackElo "2451"]
[PlyCount "106"]
[EventDate "2012.08.09"]
[EventType "swiss"]
[EventRounds "9"]
[EventCountry "ESP"]
[Source "lmi"]
[SourceDate "2012.08.09"]

1. d4 Nf6 2. c4 c5 3. d5 b5 4. cxb5 a6 5. bxa6 g6 6. Nc3 Bxa6 7. g3 d6 8. Bg2
Bg7 9. Nf3 Nbd7 10. Rb1 O-O 11. O-O Ne8 12. Re1 Nc7 13. a4 Nb6 14. e4 Qd7 15.
e5 Bc4 16. e6 fxe6 17. dxe6 Nxe6 18. Bh3 Qc6 19. Rxe6 Rxf3 20. Rxe7 Rd3 21.
Be6+ Kh8 22. Qe1 Rf8 23. Bxc4 Nxc4 24. Bf4 h6 25. Qe6 Bd4 26. Qxc4 Qf3 27. Rf1
Rd2 28. Ne4 Re2 29. Rf7 Rxf7 30. Qxf7 Qxe4 31. Bxd6 Qf5 32. Qxf5 gxf5 33. Bf4
Rxb2 34. Bxh6 Ra2 35. Be3 Rxa4 36. Bxd4+ Rxd4 37. Rc1 c4 38. Kf1 Kg7 39. Ke2
Kf6 40. Rc3 Ke5 41. Ra3 Rd5 42. Ke3 f4+ 43. gxf4+ Kf5 44. Rc3 Rc5 45. h3 Rc8
46. Ra3 Rh8 47. Ra5+ Kg6 48. Rc5 Rxh3+ 49. f3 Rh1 50. Rxc4 Re1+ 51. Kf2 Ra1 52.
Rc2 Kf5 53. Kg3 Rg1+ 1/2-1/2

[Event "Obert Figueres Miquel Mas 2012"]
[Site "Figueres ESP"]
[Date "2012.08.09"]
[Round "1.11"]
[White "Forcen Esteban, Daniel"]
[Black "Diaz Muñoz, Sergi"]
[Result "1-0"]
[WhiteElo "2440"]
[BlackElo "2011"]
[PlyCount "87"]
[EventDate "2012.08.09"]
[EventType "swiss"]
[EventRounds "9"]
[EventCountry "ESP"]
[Source "lmi"]
[SourceDate "2012.08.09"]

1. e4 c5 2. Nc3 g6 3. Nf3 Bg7 4. d4 cxd4 5. Nxd4 Nc6 6. Be3 Nf6 7. Bc4 O-O 8.
Bb3 d6 9. f3 Bd7 10. Qd2 Nxd4 11. Bxd4 b5 12. h4 a5 13. h5 a4 14. Bd5 b4 15.
Bxf6 exf6 16. Ne2 f5 17. hxg6 hxg6 18. exf5 Bxf5 19. Bxa8 Qxa8 20. Rd1 Re8 21.
O-O Bxb2 22. Qxb4 Rxe2 23. Qxb2 Qa7+ 24. Qd4 Qe7 25. Rb1 Qe3+ 26. Qxe3 Rxe3 27.
Rb2 Be6 28. Rd1 a3 29. Rb8+ Kg7 30. Rd3 Rxd3 31. cxd3 Bxa2 32. Ra8 Kf6 33. Rxa3
Be6 34. Kf2 Ke5 35. Ke3 g5 36. Ra5+ d5 37. g3 f6 38. Rc5 Bf7 39. Ra5 Be6 40.
d4+ Kd6 41. Kd2 Bh3 42. Ra1 Ke6 43. g4 f5 44. Rg1 1-0

[Event "Obert Figueres Miquel Mas 2012"]
[Site "Figueres ESP"]
[Date "2012.08.09"]
[Round "1.12"]
[White "Falgueras Marti, Carles"]
[Black "Guilleux, Fabien"]
[Result "0-1"]
[WhiteElo "2003"]
[BlackElo "2439"]
[PlyCount "52"]
[EventDate "2012.08.09"]
[EventType "swiss"]
[EventRounds "9"]
[EventCountry "ESP"]
[Source "lmi"]
[SourceDate "2012.08.09"]

1. e4 c5 2. Nf3 d6 3. Bb5+ Nd7 4. O-O Ngf6 5. Re1 a6 6. Bf1 b5 7. a4 Bb7 8.
axb5 axb5 9. Rxa8 Qxa8 10. Bxb5 Bxe4 11. Nc3 Bxf3 12. Qxf3 Qxf3 13. gxf3 e6 14.
Ne4 Be7 15. Nxf6+ Bxf6 16. Re4 Ke7 17. Ra4 Rb8 18. c4 Ne5 19. Ra7+ Kf8 20. Ra3
d5 21. f4 Nxc4 22. Bxc4 dxc4 23. d3 Rd8 24. Kf1 cxd3 25. Ke1 c4 26. Ra4 Rc8 0-1

[Event "Obert Figueres Miquel Mas 2012"]
[Site "Figueres ESP"]
[Date "2012.08.09"]
[Round "1.15"]
[White "Ladron De Guevara Pinto, Paolo"]
[Black "Nederveld, Dieter"]
[Result "1-0"]
[WhiteElo "2370"]
[BlackElo "1991"]
[PlyCount "87"]
[EventDate "2012.08.09"]
[EventType "swiss"]
[EventRounds "9"]
[EventCountry "ESP"]
[Source "lmi"]
[SourceDate "2012.08.09"]

1. e4 c6 2. d4 d5 3. exd5 cxd5 4. Bd3 Nc6 5. c3 e5 6. dxe5 Nxe5 7. Bb5+ Nc6 8.
Ne2 Bc5 9. O-O Nge7 10. Nd2 Bg4 11. Nb3 Bb6 12. Bf4 O-O 13. h3 Bh5 14. Qd2 a6
15. Bd3 Qd7 16. Rfe1 Rad8 17. Be3 Bc7 18. f4 Bg6 19. Rad1 Rfe8 20. Bf2 Qc8 21.
g4 f5 22. g5 Bh5 23. Kg2 Qb8 24. Bg3 Rf8 25. Nc5 Rd6 26. Rb1 Bf7 27. b4 d4 28.
c4 Qa7 29. Ng1 Ng6 30. a4 Rdd8 31. Bxf5 Bxc4 32. Be6+ Kh8 33. Bxc4 Bxf4 34.
Bxf4 Nxf4+ 35. Kh1 b5 36. axb5 axb5 37. Bd3 Nxb4 38. Qxb4 Qa2 39. Rb2 Nxd3 40.
Nxd3 Qd5+ 41. Rg2 Qc4 42. Qd2 Rb8 43. Ne5 Qc3 44. Nd7 1-0

[Event "Obert Figueres Miquel Mas 2012"]
[Site "Figueres ESP"]
[Date "2012.08.10"]
[Round "2.1"]
[White "Antoli Royo, Joaquin Miguel"]
[Black "Rakhmanov, Aleksandr"]
[Result "1/2-1/2"]
[WhiteElo "2398"]
[BlackElo "2588"]
[PlyCount "50"]
[EventDate "2012.08.09"]
[EventType "swiss"]
[EventRounds "9"]
[EventCountry "ESP"]
[Source "lmi"]
[SourceDate "2012.08.09"]

1. e4 c5 2. Nf3 Nf6 3. Nc3 d5 4. exd5 Nxd5 5. Bb5+ Bd7 6. Ne5 Nf6 7. Qf3 Qc8 8.
a4 a6 9. Bxd7+ Nbxd7 10. Nc4 e6 11. d3 Be7 12. Bf4 O-O 13. O-O Ra7 14. Ra3 Nb8
15. Bxb8 Qxb8 16. Rb3 Qc7 17. Qg3 Qd7 18. Qf3 Qc7 19. Qg3 Qxg3 20. hxg3 Nd7 21.
Rd1 Rb8 22. a5 Rd8 23. Na4 Nb8 24. Nab6 Nc6 25. c3 Bf6 1/2-1/2

[Event "Obert Figueres Miquel Mas 2012"]
[Site "Figueres ESP"]
[Date "2012.08.10"]
[Round "2.3"]
[White "Ramiro Ovejero, Juan L"]
[Black "Adhiban, B."]
[Result "1/2-1/2"]
[WhiteElo "2349"]
[BlackElo "2553"]
[PlyCount "105"]
[EventDate "2012.08.09"]
[EventType "swiss"]
[EventRounds "9"]
[EventCountry "ESP"]
[Source "lmi"]
[SourceDate "2012.08.09"]

1. e4 c5 2. Nf3 e6 3. d3 Nc6 4. g3 d5 5. Nbd2 Bd6 6. Bg2 Nge7 7. O-O O-O 8. Re1
b6 9. c3 Bc7 10. exd5 Nxd5 11. Nc4 Bb7 12. a4 a6 13. Ng5 h6 14. Ne4 Rb8 15. a5
b5 16. Ne3 Qe7 17. Nxd5 exd5 18. Nd2 Qd7 19. Nb3 Bd6 20. d4 c4 21. Nc5 Bxc5 22.
dxc5 d4 23. Bf4 Rbe8 24. Rxe8 Rxe8 25. cxd4 Nb4 26. Bxb7 Qxb7 27. d5 Nxd5 28.
Qf3 Qc6 29. Rd1 Nb4 30. Qxc6 Nxc6 31. Kf1 Nxa5 32. Ra1 Nb3 33. Rxa6 Nxc5 34.
Rb6 Nd3 35. Rxb5 Re1+ 36. Kg2 Re2 37. Rb8+ Kh7 38. Be3 Nxb2 39. Rc8 Rc2 40. Bd4
Nd3 41. g4 Nf4+ 42. Kf3 Ne6 43. Be3 Kg6 44. Rc6 h5 45. h3 hxg4+ 46. hxg4 Kf6
47. Ke4 g5 48. Kd5 c3 49. Ke4 Ra2 50. Rxc3 Ra4+ 51. Kf3 Nd4+ 52. Bxd4+ Rxd4 53.
Rc6+ 1/2-1/2

[Event "Obert Figueres Miquel Mas 2012"]
[Site "Figueres ESP"]
[Date "2012.08.10"]
[Round "2.6"]
[White "Simacek, Pavel"]
[Black "Cuadras Avellana, Jordi"]
[Result "1-0"]
[WhiteElo "2478"]
[BlackElo "2344"]
[PlyCount "79"]
[EventDate "2012.08.09"]
[EventType "swiss"]
[EventRounds "9"]
[EventCountry "ESP"]
[Source "lmi"]
[SourceDate "2012.08.09"]

1. e4 c5 2. Nf3 e6 3. b3 b6 4. d4 cxd4 5. Nxd4 Bb7 6. f3 Qh4+ 7. g3 Qf6 8. Be3
Nc6 9. c3 Bc5 10. Bg2 Nxd4 11. Bxd4 Bxd4 12. Qxd4 Qxd4 13. cxd4 Nf6 14. Nc3 Ke7
15. Kd2 d6 16. Rhc1 Rhc8 17. Bf1 a6 18. a4 Kd8 19. a5 b5 20. Bd3 Nd7 21. h4 Rc7
22. g4 Rac8 23. g5 h6 24. b4 Nb8 25. d5 hxg5 26. hxg5 Nd7 27. f4 e5 28. f5 Nf8
29. Rc2 Ke7 30. Rh1 Nd7 31. Rcc1 Rg8 32. Rh7 Kf8 33. Rch1 Nb8 34. R1h4 Bc8 35.
Rh8 Bd7 36. R4h7 Rc8 37. f6 gxf6 38. gxf6 Be8 39. Rh6 Nd7 40. Nd1 1-0

[Event "Obert Figueres Miquel Mas 2012"]
[Site "Figueres ESP"]
[Date "2012.08.10"]
[Round "2.7"]
[White "Serra Pages, Jordi"]
[Black "Martinez, Duany Lelys Stanley"]
[Result "0-1"]
[WhiteElo "2224"]
[BlackElo "2476"]
[PlyCount "76"]
[EventDate "2012.08.09"]
[EventType "swiss"]
[EventRounds "9"]
[EventCountry "ESP"]
[Source "lmi"]
[SourceDate "2012.08.09"]

1. d4 g6 2. c4 Bg7 3. Nc3 d6 4. e4 Nc6 5. Be3 Nf6 6. f3 O-O 7. Nge2 a6 8. Qd2
Rb8 9. Nc1 e5 10. d5 Nd4 11. Nb3 c5 12. dxc6 bxc6 13. Nxd4 exd4 14. Bxd4 Re8
15. Be2 d5 16. exd5 cxd5 17. c5 Rb4 18. O-O Ne4 19. fxe4 Rxd4 20. Qc2 dxe4 21.
Rad1 Qa5 22. Rxd4 Qxc5 23. Kh1 Qxd4 24. Qa4 Qxa4 25. Nxa4 Bd7 26. Bc4 Re7 27.
Nc3 Bxc3 28. bxc3 Bb5 29. Bxb5 axb5 30. Rb1 Rd7 31. Kg1 Rd2 32. Rxb5 e3 33. Kf1
Rf2+ 34. Ke1 Rxg2 35. a4 f5 36. Re5 f4 37. Re4 g5 38. a5 Rxh2 0-1

[Event "Obert Figueres Miquel Mas 2012"]
[Site "Figueres ESP"]
[Date "2012.08.10"]
[Round "2.8"]
[White "Colls Gelaberto, Emili"]
[Black "Dourerassou, Jonathan"]
[Result "0-1"]
[WhiteElo "2171"]
[BlackElo "2460"]
[PlyCount "58"]
[EventDate "2012.08.09"]
[EventType "swiss"]
[EventRounds "9"]
[EventCountry "ESP"]
[Source "lmi"]
[SourceDate "2012.08.09"]

1. Nf3 Nf6 2. c4 g6 3. Nc3 d5 4. cxd5 Nxd5 5. e4 Nxc3 6. dxc3 Qxd1+ 7. Kxd1 Bg7
8. Bc4 Nd7 9. Kc2 c6 10. Bf4 b5 11. Be2 Nc5 12. Nd2 a5 13. Be3 Ne6 14. a4 b4
15. Nc4 O-O 16. Nb6 Rb8 17. Rhd1 c5 18. Nd7 b3+ 19. Kc1 Bxd7 20. Rxd7 Bxc3 21.
Bc4 Bd4 22. Ra3 Rb4 23. Bd5 Bxe3+ 24. fxe3 c4 25. Rxe7 Nc5 26. Ra7 Rc8 27. Rxa5
Nd3+ 28. Kd2 Nxb2 29. Kc3 Nd1+ 0-1

[Event "Obert Figueres Miquel Mas 2012"]
[Site "Figueres ESP"]
[Date "2012.08.10"]
[Round "2.9"]
[White "Vilar, Lopez Monica"]
[Black "Forcen Esteban, Daniel"]
[Result "0-1"]
[WhiteElo "2154"]
[BlackElo "2440"]
[PlyCount "56"]
[EventDate "2012.08.09"]
[EventType "swiss"]
[EventRounds "9"]
[EventCountry "ESP"]
[Source "lmi"]
[SourceDate "2012.08.09"]

1. e4 c6 2. d4 d5 3. Nc3 b5 4. e5 a6 5. Bd3 e6 6. Nf3 c5 7. dxc5 Bxc5 8. O-O
Nc6 9. Bf4 Nge7 10. Qe2 Ng6 11. Bg3 O-O 12. a3 Bb7 13. h4 h6 14. h5 Nge7 15.
Rad1 Qc7 16. Kh1 Nd4 17. Nxd4 Bxd4 18. f4 Bxc3 19. bxc3 Qxc3 20. Rf3 Qc6 21. f5
Nxf5 22. Bxf5 exf5 23. Rxf5 Rac8 24. Rf2 Qe6 25. Rd3 Rc4 26. Rf4 Re8 27. Rxc4
dxc4 28. Rd2 Qh3+ 0-1

[Event "Obert Figueres Miquel Mas 2012"]
[Site "Figueres ESP"]
[Date "2012.08.10"]
[Round "2.12"]
[White "Govciyan, Pavel"]
[Black "Sorroche Martin, Jose Maria"]
[Result "0-1"]
[WhiteElo "2451"]
[BlackElo "2164"]
[PlyCount "120"]
[EventDate "2012.08.09"]
[EventType "swiss"]
[EventRounds "9"]
[EventCountry "ESP"]
[Source "lmi"]
[SourceDate "2012.08.09"]

1. d4 c6 2. Nf3 d5 3. Bf4 Qb6 4. Qc1 Bg4 5. e3 Bxf3 6. gxf3 Nd7 7. c4 Ngf6 8.
Nc3 e6 9. a3 Nh5 10. Bg3 Be7 11. Qc2 g6 12. Be2 O-O 13. f4 Ng7 14. f3 Nf5 15.
Bf2 Bh4 16. Qd2 Bxf2+ 17. Kxf2 Qd8 18. h4 Nf6 19. Rag1 Nh5 20. e4 Nfg7 21. f5
exf5 22. exd5 f4 23. Rg5 Ng3 24. Rh2 f6 25. Rg4 N7h5 26. Rg2 f5 27. Rxf4 Nxe2
28. Nxe2 cxd5 29. Rg5 Nxf4 30. Nxf4 dxc4 31. d5 Qb6+ 32. Kg2 Rad8 33. h5 Qf6
34. Nxg6 Rf7 35. Ne7+ Kh8 36. Nxf5 Rxd5 37. Rg8+ Kxg8 38. Nh6+ Kf8 39. Qxd5
Qxh6 40. Kf2 Qb6+ 41. Kf1 c3 42. bxc3 Qb1+ 43. Kf2 Qc2+ 44. Kf1 Qf5 45. Qd6+
Kg8 46. Qb8+ Rf8 47. Qg3+ Kh8 48. Kf2 Qc2+ 49. Kf1 Qxc3 50. Kf2 Rd8 51. Qf4
Qd2+ 52. Qxd2 Rxd2+ 53. Ke3 Ra2 54. f4 Rxa3+ 55. Ke4 Rh3 56. f5 Rxh5 57. f6 Kg8
58. Kf4 Kf7 59. Kg4 Ra5 60. Kf4 Kxf6 0-1

[Event "Obert Figueres Miquel Mas 2012"]
[Site "Figueres ESP"]
[Date "2012.08.10"]
[Round "2.13"]
[White "Aymerich Verdaguer, Eduard"]
[Black "Balague Canadell, Jordi"]
[Result "1-0"]
[WhiteElo "1787"]
[BlackElo "2036"]
[PlyCount "71"]
[EventDate "2012.08.09"]
[EventType "swiss"]
[EventRounds "9"]
[EventCountry "ESP"]
[Source "lmi"]
[SourceDate "2012.08.09"]

1. d4 d5 2. c4 e6 3. Nf3 Nf6 4. Nc3 Bb4 5. Bf4 c5 6. e3 Ne4 7. Qc2 Nc6 8. Bd3
g5 9. cxd5 exd5 10. Bxe4 gxf4 11. Bd3 c4 12. Bf5 Bxc3+ 13. bxc3 fxe3 14. O-O e2
15. Rfe1 O-O 16. Rxe2 Qf6 17. Bxc8 Raxc8 18. Rae1 Qg6 19. Qd2 f6 20. Re3 Qh6
21. Ne5 Kh8 22. Nf7+ Rxf7 23. Re8+ Qf8 24. Rxf8+ Rfxf8 25. Qf4 Kg7 26. f3 Rcd8
27. Kf2 Rf7 28. h4 Rdd7 29. g4 b5 30. Re6 Nd8 31. Re8 Nc6 32. h5 Rfe7 33. Rxe7+
Nxe7 34. g5 Ng8 35. Qf5 Rf7 36. Qxd5 1-0

[Event "Obert Figueres Miquel Mas 2012"]
[Site "Figueres ESP"]
[Date "2012.08.10"]
[Round "2.14"]
[White "Triadu Cassa, Jordi"]
[Black "Juan Bartroli, Pau"]
[Result "1-0"]
[WhiteElo "2138"]
[BlackElo "2024"]
[PlyCount "71"]
[EventDate "2012.08.09"]
[EventType "swiss"]
[EventRounds "9"]
[EventCountry "ESP"]
[Source "lmi"]
[SourceDate "2012.08.09"]

1. e4 c6 2. d4 d5 3. Nc3 dxe4 4. Nxe4 Bf5 5. Ng3 Bg6 6. h4 h6 7. h5 Bh7 8. Nf3
Nd7 9. Bd3 Bxd3 10. Qxd3 Qc7 11. Bd2 Ngf6 12. O-O-O O-O-O 13. Qe2 e6 14. Ne5
Nxe5 15. dxe5 Nd5 16. c4 Nb4 17. Kb1 Be7 18. f4 Rd7 19. Bxb4 Bxb4 20. Rxd7 Qxd7
21. Rd1 Qc7 22. Ne4 Qa5 23. a3 Be7 24. c5 Qa4 25. g3 Rd8 26. Rxd8+ Kxd8 27.
Qd3+ Ke8 28. Nd6+ Bxd6 29. cxd6 Kd7 30. Ka2 Qa5 31. Qb3 b6 32. Qd3 Qd5+ 33.
Qxd5 cxd5 34. g4 f6 35. exf6 gxf6 36. g5 1-0

[Event "Obert Figueres Miquel Mas 2012"]
[Site "Figueres ESP"]
[Date "2012.08.11"]
[Round "3.3"]
[White "Forcen Esteban, Daniel"]
[Black "Simacek, Pavel"]
[Result "1-0"]
[WhiteElo "2440"]
[BlackElo "2478"]
[PlyCount "67"]
[EventDate "2012.08.09"]
[EventType "swiss"]
[EventRounds "9"]
[EventCountry "ESP"]
[Source "lmi"]
[SourceDate "2012.08.09"]

1. e4 c5 2. Nf3 Nc6 3. c3 e6 4. d4 d5 5. exd5 exd5 6. Be3 cxd4 7. Nxd4 Bd6 8.
Nd2 Nge7 9. N2b3 Ne5 10. Be2 O-O 11. O-O a6 12. Nd2 Qc7 13. h3 Bd7 14. N2f3 Nc4
15. Bc1 Ng6 16. Bd3 Rfe8 17. Ng5 Nce5 18. Bc2 Bc5 19. Qh5 Bxd4 20. Qxh7+ Kf8
21. cxd4 Qxc2 22. dxe5 Rxe5 23. b3 Rae8 24. Ba3+ R8e7 25. Rae1 Qc3 26. Bxe7+
Rxe7 27. Rxe7 Kxe7 28. Qg8 Ne5 29. f4 Qe3+ 30. Kh1 Qe2 31. Rg1 Qe3 32. Qxg7
Qxf4 33. Re1 Kd6 34. Qxe5+ 1-0